Les stations de la ligne 14 du métro parisien - Mort subite - Statistiques

Statistiques générales
  • Ce quiz a été pris 415 fois
  • Le résultat moyen est 8 sur 16
Answers on the Grid
Answers color-coded by a green-red scale on the quiz's grid according to % correct below.
Aéroport d'Orly
Aéroport Charles de Gaulle 2 TGV
Villejuif - Gustave Roussy
Villejuif - Paul-Vaillant Couturier
Hôpital Bicêtre
Le Kremlin-Bicêtre
Saint-Denis - Pleyel
Carrefour Pleyel
Mairie de Saint-Ouen
Mairie de Clichy
Porte de Clichy
Porte de Saint-Ouen
Saint-Ouen
Saint-Paul
Maison Blanche
Maisons-Laffitte
Olympiades
Quai de la Rapée
Gare de Lyon
Gare d'Austerlitz
Bercy
Montparnasse - Bienvenüe
Saint-Lazare
Gare du Nord
Pont Cardinet
Gare de l'Est
Madeleine
Concorde
Pyramides
Palais Royal - Musée du Louvre
Cour Saint-Émilion
Cours de Vincennes
 
Statistiques - réponses
Réponse % Correct
Aéroport d'Orly
64%
Olympiades
61%
Pyramides
61%
Saint-Lazare
61%
Bercy
59%
Gare de Lyon
58%
Cour Saint-Émilion
55%
Madeleine
53%
Mairie de Saint-Ouen
46%
Saint-Denis - Pleyel
44%
Pont Cardinet
43%
Saint-Ouen
42%
Maison Blanche
39%
Hôpital Bicêtre
37%
Villejuif - Gustave Roussy
35%
Porte de Clichy
31%
Aucun quiz correspondant
Distribution des résultats
% des personnes avec chaque résultat
Percentile par nombre de réponses
Votre historique - résultats
Vous n’avez pas pris ce quiz